000 00938cam a2200265 a 4500
001 000001524
005 20200929145616.0
008 031212s1991 ec b 001 f spa
010 _a2004394803
020 _a9978872191
040 _aDO-SdBNP
_bspa
_cBNPHU
082 _aE863.7
_bP153o
100 1 _aPalacio, Pablo,
_d1906-1947
_95016
245 1 0 _aObras escogidas /
_cPablo Palacio; introducción y prólogo Hernán Rodríguez Castelo.
260 _aGuayaquil :
_bPublicaciones Educativas Ariel,
_c[1991].
300 _a198 p. ;
_c20 cm.
490 1 _aClásicos Ariel
_v8
504 _aIncluye referencia bibliográfica (p. 34).
505 0 _aUn hombre muerto a puntapies -- Débora -- Vida del ahorcado.
650 4 _aNovela ecuatoriana
_95017
650 4 _aLiteratura ecuatoriana
_93938
700 1 _aRodríguez Castelo, Hernán,
_epról.
_94689
830 0 _aClásicos Ariel ;
_v8
_93125
910 _aCatalogación original noche
999 _c1428
_d1428